Capitales mondiales commençant par B (avec carte semi-vide) - Statistiques

Statistiques générales
  • Ce quiz a été pris 360 fois
  • Le résultat moyen est 186 sur 196
Réponses sur la Carte
Les réponses sont colorées sur une échelle allant du rouge au vert en fonction du pourcentage des utilisateurs qui les ont devinées à leur premier essai. Vous pouvez retrouver ces pourcentages ci-dessous.
 
Statistiques - réponses
capitale % Correct
x
100%
Bruxelles
89%
Brasilia
86%
Berlin
79%
Buenos Aires
78%
Budapest
77%
Berne
76%
Bucarest
75%
Bratislava
74%
Bamako
69%
Bogotá
69%
Belgrade
65%
Bangkok
61%
Belmopan
61%
Bangui
56%
Bagdad
52%
Beyrouth
52%
Bakou
50%
Bichkek
50%
Banjul
47%
Bissau
44%
Bandar Seri Begawan
43%
Bridgetown
43%
Brazzaville
40%
Basseterre
28%
Bloemfontein
28%
Aucun quiz correspondant
Distribution des résultats
% des personnes avec chaque résultat
Percentile par nombre de réponses
Votre historique - résultats
Vous n’avez pas pris ce quiz